| 000 | 00563nam a2200181 a 4500 | ||
|---|---|---|---|
| 008 | 120416s1965 ||||||||||||||||| || u | ||
| 050 | _aQK 641 Esa | ||
| 100 | _aEsau, Kethrine | ||
| 245 | 1 | 0 | _aPlant anatomy |
| 250 | _a2nd ed | ||
| 260 |
_aNew York _bJohn Wiley and Sons _c1965 |
||
| 300 | _axx, 767p. ill. | ||
| 350 | _a0.00 | ||
| 650 | _aPLANTS | ||
| 650 | _aPLANT MORPHOLOGY | ||
| 650 | _aPLANT PHYSIOLOGY | ||
| 995 |
_D0.00 _FCBU-MAIN LIBRARY (Kitwe) _H1 _I8.35 _M1 _UDAMAGED _ZMain Library Open Access Collection |
||
| 999 |
_c53730 _d53730 |
||